| 000 | 00519nam a2200121Ia 4500 | ||
|---|---|---|---|
| 008 | 220620s9999||||xx |||||||||||||| ||und|| | ||
| 100 | _aJames H. O'Donnell, III | ||
| 245 | 0 | _aSouthern Indians in the American Revolution | |
| 546 | _aEnglish[eng] | ||
| 650 | _a1775-1783--Campaigns and battles||Five Civilized Tribes--History||Indians of North America--Wars--1775-1783||United States--History--Revolution | ||
| 856 | _uhttp://trace.tennessee.edu/cgi/viewcontent.cgi?article=1011&context=utk_early-american | ||
| 942 | _cEB | ||
| 999 |
_c25719 _d25719 |
||